Η παρακμή του αστικού πολιτισμού : από τη μοντέρνα στη μεταμοντέρνα εποχή και απο το φιλελευθερισμό στη μαζική δημοκρατία

Αποθηκεύτηκε σε:
Λεπτομέρειες βιβλιογραφικής εγγραφής
Κύριος συγγραφέας: Κονδύλης, Παναγιώτης, 1943-1998
Μορφή: Βιβλίο
Γλώσσα:Greek
German
Δημοσίευση: Αθήνα : Θεμέλιο, 1995.
Έκδοση:2η εκδ.
Σειρά:Ιστορική βιβλιοθήκη (Θεμέλιο (Εταιρεία))
Θέματα:
Ετικέτες: Προσθήκη ετικέτας
Δεν υπάρχουν, Καταχωρήστε ετικέτα πρώτοι!

MARC

LEADER 00000cam a2200000 i 4500
001 1/72064
008 980529s1995 gr | ||| |||| ||gre||
020 |a 9603101508 
035 |l 10031134 
040 |a GR-MyUa  |b gre   |e AACR2  
041 1 |a gre  |h ger 
082 7 |a 320.5   |2 (23)  
100 1 |a Κονδύλης, Παναγιώτης,   |d 1943-1998. 
245 1 2 |a Η παρακμή του αστικού πολιτισμού :   |b από τη μοντέρνα στη μεταμοντέρνα εποχή και απο το φιλελευθερισμό στη μαζική δημοκρατία /   |c Παναγιώτης Κονδύλης.  
250 |a 2η εκδ.  
260 |a Αθήνα :   |b Θεμέλιο,   |c 1995.  
300 |a 334 σ. ;   |c 21 εκ.  
490 1 |a (Ιστορική βιβλιοθήκη / Θεμέλιο (Εταιρεία))  
500 |a Τίτλος πρωτοτύπου: Der Niedergang der burgerlichen Denk-und Lebensform : die liberale Moderne und die massendemokratische Postmoderne.  
650 0 |a Liberalism. 
650 0 |a Democracy. 
650 0 |a Political science  |x Philosophy. 
830 0 |a Ιστορική βιβλιοθήκη (Θεμέλιο (Εταιρεία)) 
852 |a INST  |b RHODES  |e 19980529  |h 320.5 ΚΟΝ  |p 005400006557  |q 005400006557  |t BK  |y 0 
852 |a INST  |b RHODES  |e 19980603  |h 320.5 ΚΟΝ  |p 005400006596  |q 005400006596  |t BK  |y 0 
901 |a BIBL-1998-2 
922 |a 4ΕΛΗ  |b 199711  |c ΒΙΤΣΙΛΑΚΗ  |d EMVASIS 
970 |z 1998/05/29 
922 |a 4ΕΛΗ  |b 199801  |c ΚΠΣ/ΔΕ  |d EMVASIS